<?xml version="1.0" encoding="UTF-8"?>
<collection xmlns="http://www.loc.gov/MARC21/slim">
 <record>
  <leader>04035nam a2200709Ki 4500</leader>
  <controlfield tag="001">000226589</controlfield>
  <controlfield tag="003">OCoLC</controlfield>
  <controlfield tag="005">20220105164803.0</controlfield>
  <controlfield tag="005">20150731075830.0</controlfield>
  <controlfield tag="006">m        d</controlfield>
  <controlfield tag="007">cr cnu   unuuu</controlfield>
  <controlfield tag="008">150731s1997    mau     ob    001 0 eng d</controlfield>
  <datafield tag="STA" ind1=" " ind2=" ">
   <subfield code="a">NEZPRACOVANÝ IMPORT</subfield>
  </datafield>
  <datafield tag="020" ind1=" " ind2=" ">
   <subfield code="a">9781422160701</subfield>
   <subfield code="q">electronic bk.</subfield>
  </datafield>
  <datafield tag="020" ind1=" " ind2=" ">
   <subfield code="a">142216070X</subfield>
   <subfield code="q">electronic bk.</subfield>
  </datafield>
  <datafield tag="020" ind1=" " ind2=" ">
   <subfield code="z">0875848036</subfield>
  </datafield>
  <datafield tag="020" ind1=" " ind2=" ">
   <subfield code="z">9780875848037</subfield>
  </datafield>
  <datafield tag="035" ind1=" " ind2=" ">
   <subfield code="a">(OCoLC)915159095</subfield>
  </datafield>
  <datafield tag="035" ind1=" " ind2=" ">
   <subfield code="a">675724</subfield>
   <subfield code="b">(N$T)</subfield>
  </datafield>
  <datafield tag="050" ind1=" " ind2="4">
   <subfield code="a">HF5387</subfield>
   <subfield code="b">.B32 1997eb</subfield>
  </datafield>
  <datafield tag="072" ind1=" " ind2="7">
   <subfield code="a">BUS</subfield>
   <subfield code="x">008000</subfield>
   <subfield code="2">bisacsh</subfield>
  </datafield>
  <datafield tag="082" ind1="0" ind2="4">
   <subfield code="a">174/.4</subfield>
   <subfield code="2">22</subfield>
  </datafield>
  <datafield tag="084" ind1=" " ind2=" ">
   <subfield code="a">85.02</subfield>
   <subfield code="2">bcl</subfield>
  </datafield>
  <datafield tag="084" ind1=" " ind2=" ">
   <subfield code="a">CC 7200</subfield>
   <subfield code="2">rvk</subfield>
  </datafield>
  <datafield tag="084" ind1=" " ind2=" ">
   <subfield code="a">QP 020</subfield>
   <subfield code="2">rvk</subfield>
  </datafield>
  <datafield tag="084" ind1=" " ind2=" ">
   <subfield code="a">QP 300</subfield>
   <subfield code="2">rvk</subfield>
  </datafield>
  <datafield tag="100" ind1="1" ind2=" ">
   <subfield code="a">Badaracco, Joseph.</subfield>
  </datafield>
  <datafield tag="245" ind1="1" ind2="0">
   <subfield code="a">Defining moments :</subfield>
   <subfield code="b">when managers must choose between right and right /</subfield>
   <subfield code="c">Joseph L. Badaracco, Jr.</subfield>
  </datafield>
  <datafield tag="264" ind1=" " ind2="1">
   <subfield code="a">Boston, Mass. :</subfield>
   <subfield code="b">Harvard Business School Press,</subfield>
   <subfield code="c">©1997.</subfield>
  </datafield>
  <datafield tag="300" ind1=" " ind2=" ">
   <subfield code="a">1 online resource (xi, 147 pages)</subfield>
  </datafield>
  <datafield tag="336" ind1=" " ind2=" ">
   <subfield code="a">text</subfield>
   <subfield code="b">txt</subfield>
   <subfield code="2">rdacontent</subfield>
  </datafield>
  <datafield tag="337" ind1=" " ind2=" ">
   <subfield code="a">computer</subfield>
   <subfield code="b">c</subfield>
   <subfield code="2">rdamedia</subfield>
  </datafield>
  <datafield tag="338" ind1=" " ind2=" ">
   <subfield code="a">online resource</subfield>
   <subfield code="b">cr</subfield>
   <subfield code="2">rdacarrier</subfield>
  </datafield>
  <datafield tag="504" ind1=" " ind2=" ">
   <subfield code="a">Includes bibliographical references (pages 133-141) and index.</subfield>
  </datafield>
  <datafield tag="505" ind1="0" ind2=" ">
   <subfield code="a">Dirty hands -- Right versus right -- The futility of grand principles -- Sleep-test ethics -- Defining moments -- Become who you are -- Truth is a process -- Virtu, virtue, and success -- A space of quiet.</subfield>
  </datafield>
  <datafield tag="520" ind1="1" ind2=" ">
   <subfield code="a">&quot;How do you lead the launch of a product you know will be extremely controversial? What should you do if a single parent on your staff is falling behind in his or her work? How should you respond if you are offered an opportunity at work solely because of your race or gender? This is a book about work choices and life choices, and the critical points - or defining moments - at which the two become one. A refreshing antidote to traditional feel-good, inspirational business ethics, it examines the right-versus-right conflicts that every business manager faces and presents an unorthodox yet practical way for you to think about and resolve them. When making hard professional decisions, managers often use personal values as a touchstone. Badaracco asserts, however, that resolving such dilemmas is not as simple as the &quot;do the right thing&quot; school of ethics would have you believe. Defining Moments reveals an alternative approach that will help you tackle the more complex and troubling question of what to do when doing the right thing requires doing something else wrong, or leaving another right thing undone.&quot; &quot;Drawing on philosophy, literature, and three case studies that reveal the complexity today's managers face as their careers advance, Defining Moments provides tangible examples, actionable steps, and a flexible framework that you can use to make the choices that will shape not only your career, but your character.&quot;--Jacket.</subfield>
  </datafield>
  <datafield tag="588" ind1="0" ind2=" ">
   <subfield code="a">Print version record.</subfield>
  </datafield>
  <datafield tag="650" ind1=" " ind2="0">
   <subfield code="a">Business ethics.</subfield>
  </datafield>
  <datafield tag="650" ind1=" " ind2="0">
   <subfield code="a">Executives</subfield>
   <subfield code="x">Professional ethics.</subfield>
  </datafield>
  <datafield tag="650" ind1=" " ind2="0">
   <subfield code="a">Industrial management</subfield>
   <subfield code="x">Decision making.</subfield>
  </datafield>
  <datafield tag="650" ind1=" " ind2="0">
   <subfield code="a">Industrial management</subfield>
   <subfield code="x">Ethics.</subfield>
  </datafield>
  <datafield tag="650" ind1="0" ind2="4">
   <subfield code="a">Bedrijfsethiek.</subfield>
  </datafield>
  <datafield tag="650" ind1=" " ind2="6">
   <subfield code="a">Morale des affaires.</subfield>
  </datafield>
  <datafield tag="650" ind1=" " ind2="6">
   <subfield code="a">Cadres (Personnel)</subfield>
   <subfield code="x">Déontologie.</subfield>
  </datafield>
  <datafield tag="650" ind1="1" ind2="7">
   <subfield code="a">Bedrijfsethiek.</subfield>
   <subfield code="2">gtt</subfield>
  </datafield>
  <datafield tag="650" ind1="0" ind2="7">
   <subfield code="a">Führungskraft.</subfield>
   <subfield code="2">swd</subfield>
  </datafield>
  <datafield tag="650" ind1="0" ind2="7">
   <subfield code="a">Berufsethik.</subfield>
   <subfield code="2">swd</subfield>
  </datafield>
  <datafield tag="650" ind1=" " ind2="7">
   <subfield code="a">BUSINESS &amp; ECONOMICS / Business Ethics</subfield>
   <subfield code="2">bisacsh</subfield>
  </datafield>
  <datafield tag="655" ind1=" " ind2="7">
   <subfield code="a">elektronické knihy</subfield>
   <subfield code="7">fd186907</subfield>
   <subfield code="2">czenas</subfield>
  </datafield>
  <datafield tag="655" ind1=" " ind2="9">
   <subfield code="a">electronic books</subfield>
   <subfield code="2">eczenas</subfield>
  </datafield>
  <datafield tag="776" ind1="0" ind2="8">
   <subfield code="i">Print version:</subfield>
   <subfield code="a">Badaracco, Joseph.</subfield>
   <subfield code="t">Defining moments</subfield>
   <subfield code="z">0875848036</subfield>
   <subfield code="w">(DLC)   97017613</subfield>
   <subfield code="w">(OCoLC)37001792</subfield>
  </datafield>
  <datafield tag="856" ind1="4" ind2="0">
   <subfield code="3">EBSCOhost</subfield>
   <subfield code="u">https://zdroje.vse.cz/login?url=https://search.ebscohost.com/login.aspx?direct=true&amp;scope=site&amp;db=nlebk&amp;db=nlabk&amp;AN=675724</subfield>
   <subfield code="y">Plný text</subfield>
  </datafield>
  <datafield tag="BAS" ind1=" " ind2=" ">
   <subfield code="a">HBR</subfield>
  </datafield>
  <datafield tag="BAS" ind1=" " ind2=" ">
   <subfield code="a">EB</subfield>
  </datafield>
  <datafield tag="LKR" ind1=" " ind2=" ">
   <subfield code="a">PAR</subfield>
   <subfield code="b">000085364</subfield>
   <subfield code="l">UEP01</subfield>
   <subfield code="r">776</subfield>
   <subfield code="m">E-book</subfield>
   <subfield code="n">Tištěná verze</subfield>
  </datafield>
  <datafield tag="993" ind1=" " ind2=" ">
   <subfield code="x">NEPOSILAT</subfield>
   <subfield code="y">EB</subfield>
  </datafield>
  <datafield tag="049" ind1=" " ind2=" ">
   <subfield code="a">N$TA</subfield>
  </datafield>
  <datafield tag="910" ind1=" " ind2=" ">
   <subfield code="a">cpp1723AUTO</subfield>
  </datafield>
  <datafield tag="938" ind1=" " ind2=" ">
   <subfield code="a">EBSCOhost</subfield>
   <subfield code="b">EBSC</subfield>
   <subfield code="n">675724</subfield>
  </datafield>
  <datafield tag="994" ind1=" " ind2=" ">
   <subfield code="a">02</subfield>
   <subfield code="b">N$T</subfield>
  </datafield>
 </record>
</collection>
